| 000 | 00393nam a2200169Ia 4500 | ||
|---|---|---|---|
| 001 | 7234 | ||
| 005 | 20250626025159.0 | ||
| 008 | 211022s9999 xx 000 0 und d | ||
| 082 | _a700 SEE | ||
| 100 | _aSeema Nusrat | ||
| 245 | 0 | _aMughal miniature and its interaction with the West | |
| 260 | _aKarachi | ||
| 260 | _bIndus Valley School | ||
| 260 | _c2002 | ||
| 300 | _a65 | ||
| 942 | _cDISS | ||
| 999 |
_c2979 _d2979 |
||